000 01385nam2a2200277 4500
001 rc\3059132
005 20260315071717.0
010 _bПереплет
_d9 р.
_920300
021 _aRU
_b35 М5434
035 _a(NLR Aleph) 008786016
090 _a13632113
_c13632113
100 _a20111012d1935 u y0rusy50 ca
101 0 _arus
102 _aRU
105 _ac zr |1|g|
200 1 _aЕвгений Онегин
_eроман в стихах
_fподготовка текста и комментарии Г.О. Винокура
210 _d1935
215 _a389, [2] с., 1 вкл. л. портр.
_d13х10
461 0 _1001rc\3059128
_12001#$aПолное собрание сочинений$eв 9 томах$fА.С. Пушкин$gпод общ. ред. Ю.Г. Оксмана и М.А. Цявловского$vТ. 5
_1700#1$3RU\NLR\AUTH\77386$8rus$7ca$aПушкин$bА. С.$f1799-1837$gАлександр Сергеевич
_98010938
_aПушкин, А. С. (поэт ; 1799-1837)
_c[Москва
_d1935-1938
_fА.С. Пушкин
_nAcademia
_oв 9 томах
_tПолное собрание сочинений
_vТ. 5
702 1 _aВинокур
_bГ. О.
_f1896-1947
_gГригорий Осипович
_4220
_4212
801 0 _aRU
_bNLR
_gpsbo
801 1 _aRU
_bELAR
_2rusmarc
801 2 _aRU
_bNLR
_c20120803
_2rusmarc
852 _aNLR
_jПушкин/1-106
942 _cUNSPEC
980 _aNB